ბათუმის შოთა რუსთაველის სახელმწიფო უნივერსიტეტის ბიბლიოთეკა

Mittelpunkt. intensivtrainer lese und hoerverstehen (ბიბ.ჩანაწერი № 50403)

000 -LEADER
fixed length control field 00479nam a2200193Ia 4500
001 - CONTROL NUMBER
control field 17347
003 - CONTROL NUMBER IDENTIFIER
control field GE_BSU
008 - FIXED-LENGTH DATA ELEMENTS--GENERAL INFORMATION
fixed length control field 181216s||||||||xx |||||||||||||| ||und||
040 ## - CATALOGING SOURCE
Transcribing agency GE_BSU
080 ## - UNIVERSAL DECIMAL CLASSIFICATION NUMBER
Universal Decimal Classification number 811.112
245 ## - TITLE STATEMENT
Title Mittelpunkt. intensivtrainer lese und hoerverstehen
260 ## - PUBLICATION, DISTRIBUTION, ETC.
Place of publication, distribution, etc. Stuttgart
260 ## - PUBLICATION, DISTRIBUTION, ETC.
Date of publication, distribution, etc. 2009
300 ## - PHYSICAL DESCRIPTION
Extent 103Л.60Т.
653 ## - INDEX TERM--UNCONTROLLED
Uncontrolled term intensivtrainer lese und hoerverstehen
653 ## - INDEX TERM--UNCONTROLLED
Uncontrolled term Mittelpunkt.
653 ## - INDEX TERM--UNCONTROLLED
Uncontrolled term ქსეროქსი
942 ## - ADDED ENTRY ELEMENTS (KOHA)
Koha item type წიგნი
ეგზემპლარები
Withdrawn status Lost status Damaged status Not for loan Date acquired Barcode Date last seen Price effective from Koha item type
        2018-12-17 00292 ქსეროქსი 2018-12-17 2018-12-17 წიგნი